| 000 | 00782nam a22002292 4500 | ||
|---|---|---|---|
| 001 | 0000025192 | ||
| 005 | 20151217160134.0 | ||
| 008 | 150224s xx 000 0 eng d | ||
| 020 | _a0314800425 : | ||
| 040 |
_aKABU _cKABU |
||
| 100 | 1 |
_aMiller, Roger LeRoy. _@0000097545 |
|
| 245 | 1 | 0 |
_aUnderstanding business : _ba world of opportunities / _cby Roger L. Miller, Lois Schneider Farese. |
| 260 |
_aSt. Paul, New York : _bWest Publishing Company, _c1992. |
||
| 300 | _axiv, 591 p. | ||
| 650 | 0 |
_aBusiness enterprises _xUnited States. _@0000150702 |
|
| 650 | 0 |
_aBusiness. _@0000149956 |
|
| 650 | 0 |
_aUnited States _xCommerce. _@0000185655 |
|
| 700 | 1 |
_aFarese, Lois. _@0000097546 |
|
| 908 | _a150224 | ||
| 950 | _@1 | ||
| 999 |
_c14752 _d14752 |
||